|
|
|
|
| LEADER |
01315nam a2200253 a 4500 |
| 001 |
2473054 |
| 008 |
091010s1989 onca b s000 0 eng d |
| 010 |
|
|
|a \\\90101521
|
| 020 |
|
|
|a 0772950903 (pbk.)
|
| 040 |
|
|
|a UkGUS
|c UkGUS
|d DLC
|
| 082 |
0 |
4 |
|a 301.161
|
| 245 |
0 |
0 |
|a Media literacy :
|b resource guide, intermediate and senior divisions, 1989.
|
| 260 |
|
|
|a Toronto :
|b Ministry of Education, Ontario,
|c 1989.
|
| 300 |
|
|
|a 232 p. :
|b ill. ;
|c 28 cm.
|
| 500 |
|
|
|a Cover title.
|
| 504 |
|
|
|a Bibliography: p. 227-229.
|
| 541 |
1 |
|
|e 00005178
|
| 650 |
|
0 |
|a Media literacy.
|
| 710 |
1 |
|
|a Ontario.
|b Ministry of Education.
|
| 852 |
4 |
|
|a Ayesha Abed Library
|j General shelf
|
| 999 |
|
|
|c 4341
|d 4341
|
| 952 |
|
|
|0 0
|1 0
|2 ddc
|4 0
|6 301_161000000000000_MED_1989
|7 0
|9 4017
|a BRACUL
|b BRACUL
|c GEN
|d 2009-10-10
|g 0.00
|l 1
|m 9
|o 301.161 MED
|p 3010005178
|r 2022-08-11
|s 2022-06-01
|t 2
|w 2009-10-10
|y BK
|x No price found in the accession register.
|
| 952 |
|
|
|0 0
|1 0
|2 ddc
|4 0
|6 301_161000000000000_MED_1989
|7 0
|9 4018
|a BRACUL
|b BRACUL
|c GEN
|d 2009-10-10
|g 0.00
|l 0
|o 301.161 MED
|p 3010005177
|r 2009-10-10
|t 1
|w 2009-10-10
|y BK
|x No price found in the accession register.
|
| 952 |
|
|
|0 0
|1 0
|2 ddc
|4 0
|6 301_161000000000000_MED_1989
|7 0
|9 4019
|a BRACUL
|b BRACUL
|c GEN
|d 2009-10-10
|g 0.00
|l 0
|o 301.161 MED
|p 3010005179
|r 2009-10-10
|t 3
|w 2009-10-10
|y BK
|x No price found in the accession register.
|